Data, teorie a modely v logistice cestovního ruchu /

Hlavní autor: Schejbal, Ctirad, 1936-
Jazyk: Čeština
Vydáno: Přerov : Vysoká škola logistiky, 2011
Vydání: Vyd. 1.
Témata:
Fyzický popis: 140 s. : il. (některé barev.), mapy, portréty ; 24 cm
Knihy
Uloženo v:
LEADER 01741nam a2200481 a 4500
001 nkc20112220189
003 CZ PrNK
005 20110908115424.0
007 ta
008 110810s2011 xr abc e p 000 0 cze
015 |a cnb002220189 
020 |a 978-80-87179-15-4  |q (váz.) 
035 |a (OCoLC)757678265 
040 |a OLA001  |b cze  |d BOA001 
072 7 |a 519.1/.8  |x Kombinatorika. Teorie grafů. Matematická statistika. Operační výzkum. Matematické modelování  |2 Konspekt  |9 13 
072 7 |a 37.016  |x Učební osnovy. Vyučovací předměty. Učebnice  |2 Konspekt  |9 22 
080 |a 007+004  |2 MRF 
080 |a 519.254  |2 MRF 
080 |a 519.673  |2 MRF 
080 |a 338.48  |2 MRF 
080 |a (075.8)  |2 MRF 
100 1 |a Schejbal, Ctirad,  |d 1936-  |7 jn20000710497  |4 aut 
245 1 0 |a Data, teorie a modely v logistice cestovního ruchu /  |c Ctirad Schejbal 
250 |a Vyd. 1. 
260 |a Přerov :  |b Vysoká škola logistiky,  |c 2011 
300 |a 140 s. :  |b il. (některé barev.), mapy, portréty ;  |c 24 cm 
500 |a 100 výt. 
504 |a Obsahuje bibliografii 
650 0 7 |a informatika  |7 ph137095  |2 czenas 
650 0 7 |a zpracování dat  |7 ph127675  |2 czenas 
650 0 7 |a matematické modelování  |7 ph115240  |2 czenas 
650 0 7 |a cestovní ruch  |7 ph119113  |2 czenas 
650 0 9 |a informatics  |2 eczenas 
650 0 9 |a data processing  |2 eczenas 
650 0 9 |a mathematical modeling  |2 eczenas 
650 0 9 |a tourism  |2 eczenas 
655 7 |a učebnice vysokých škol  |7 fd133772  |2 czenas 
655 9 |a textbooks (higher)  |2 eczenas 
910 2 |a BOA001  |b 2-1271.389 
990 |a BK 
995 |a 01 
991 |b 201109  |c NOV  |e n 
996 6 |b 2610486487  |c 2-1271.389  |l MZK  |r Sklad / do 1 hodiny  |n 2  |p p.v.  |w 001196508  |u 000010  |a 1  |e BOA001  |j MZK50  |s P